[Event "Xtracon Chess Open 2017"]
[Site "Helsingor DEN"]
[Date "2017.07.23"]
[Round "3.153"]
[White "Ronnestad, Liam Jansson"]
[Black "Nielsen, John Bauneborg"]
[Result "0-1"]
[WhiteElo "1569"]
[BlackElo "2125"]
[WhiteFideId "1523384"]
[BlackFideId "1402439"]
[EventDate "2017.07.22"]

1. d4 f5 2. c4 Nf6 3. Nf3 g6 4. Nc3 Bg7 5. Bf4 d6 6. e3 c6 7. Be2 O-O 8. h3 h6
9. O-O Nbd7 10. Qc2 Qe8 11. d5 Nc5 12. Rac1 Nfe4 13. Nxe4 Nxe4 14. Nd2 Nxd2 15.
Qxd2 c5 16. b3 Bd7 17. a4 b6 18. Qd1 a6 19. g4 g5 20. Bh2 f4 21. exf4 gxf4 22.
Qd3 Qf7 23. Qe4 Be5 24. Bd3 Rab8 25. Kh1 b5 26. axb5 axb5 27. Rg1 bxc4 28. bxc4
Rb3 29. g5 h5 30. g6 Qg7 31. Rg5 Qh6 32. Rcg1 Rf6 33. h4 Bg4 34. Bc2 Bf3+ 0-1

[Event "Xtracon Chess Open 2017"]
[Site "Helsingor DEN"]
[Date "2017.07.23"]
[Round "3.154"]
[White "Matthiesen, Martin"]
[Black "Loveid, Erik"]
[Result "1-0"]
[WhiteTitle "FM"]
[WhiteElo "2349"]
[BlackElo "1640"]
[WhiteFideId "1404067"]
[BlackFideId "1520067"]
[EventDate "2017.07.22"]

1. d4 d6 2. e4 Nf6 3. Nc3 e5 4. Nf3 exd4 5. Nxd4 Nc6 6. Bf4 Be7 7. Qd2 Nxd4 8.
Qxd4 Bd7 9. O-O-O O-O 10. f3 Qc8 11. g4 Bc6 12. h4 Nd7 13. Nd5 Bf6 14. Nxf6+
Nxf6 15. h5 Qe6 16. Bc4 Qe7 17. h6 Ne8 18. hxg7 Nxg7 19. Rh5 Ne6 20. Bxe6 fxe6
21. Rg5+ 1-0

[Event "Xtracon Chess Open 2017"]
[Site "Helsingor DEN"]
[Date "2017.07.23"]
[Round "3.155"]
[White "Maselli, Daniel"]
[Black "Wallin, Kenneth"]
[Result "1/2-1/2"]
[WhiteElo "1914"]
[BlackElo "1633"]
[WhiteFideId "2814140"]
[BlackFideId "1712861"]
[EventDate "2017.07.22"]

1. d4 d5 2. Nf3 Nf6 3. Bg5 Ne4 4. Bf4 c5 5. e3 Qb6 6. Qc1 e6 7. c3 Bd6 8. Bxd6
Nxd6 9. Bd3 Bd7 10. Nbd2 Bb5 11. Bxb5+ Qxb5 12. Qc2 Nd7 13. Nb3 c4 14. Nbd2 Nf6
15. O-O O-O 16. Rab1 Nfe4 17. Nxe4 Nxe4 18. Nd2 Nf6 19. e4 dxe4 20. Nxe4 Nxe4
21. Qxe4 Qd5 22. Qxd5 exd5 23. b3 cxb3 24. axb3 Rfc8 25. Rfc1 b5 26. Kf1 Kf8 27.
Ke2 Ke7 28. Kd3 Kd6 29. c4 bxc4+ 30. bxc4 dxc4+ 31. Rxc4 Rxc4 32. Kxc4 Rc8+ 33.
Kd3 Rc7 34. Rb2 1/2-1/2

[Event "Xtracon Chess Open 2017"]
[Site "Helsingor DEN"]
[Date "2017.07.23"]
[Round "3.156"]
[White "Bratteteig, Tore-Inge"]
[Black "Oland, Arne"]
[Result "0-1"]
[WhiteElo "1637"]
[BlackElo "1912"]
[WhiteFideId "1510711"]
[BlackFideId "1422081"]
[EventDate "2017.07.22"]

1. c4 f5 2. Nf3 Nf6 3. Nc3 c6 4. g3 d6 5. d4 g6 6. Bg2 Bg7 7. O-O O-O 8. Qc2 Qe8
9. b3 Na6 10. a3 e5 11. dxe5 dxe5 12. Rd1 e4 13. Ne1 Be6 14. Bb2 Qe7 15. e3 Ng4
16. Ne2 Rfd8 17. Bxg7 Qxg7 18. h3 Ne5 19. Nf4 Bf7 20. Rxd8+ Rxd8 21. Rd1 Qf6 22.
Rd4 g5 23. Ne2 Nc5 24. Rxd8+ Qxd8 25. Nd4 Qf6 26. Bf1 Bh5 27. b4 Ne6 28. Nxe6
Qxe6 29. Qd2 Qd7 30. Qxd7 Nxd7 31. c5 Ne5 32. a4 Bd1 33. a5 a6 34. Kg2 Kg7 35.
Kg1 Kf6 36. Kg2 h5 37. Kh2 Ke6 38. Kg2 Kd5 39. Kh2 Nc4 40. Bxc4+ Kxc4 0-1

[Event "Xtracon Chess Open 2017"]
[Site "Helsingor DEN"]
[Date "2017.07.23"]
[Round "3.157"]
[White "Westerlund, Ola"]
[Black "Rygg, Andreas Gangstad"]
[Result "1/2-1/2"]
[WhiteElo "1910"]
[BlackElo "1633"]
[WhiteFideId "1712101"]
[BlackFideId "1527754"]
[EventDate "2017.07.22"]

1. d4 Nf6 2. c4 e5 3. dxe5 Ng4 4. Nf3 Bc5 5. e3 Nc6 6. a3 a5 7. b3 Ngxe5 8. Bb2
d6 9. Be2 O-O 10. O-O Re8 11. Nd4 Bd7 12. Nd2 Bb6 13. Qc2 Ng6 14. N2f3 Nce5 15.
Rad1 Qc8 16. Rd2 Bg4 17. Qc3 Nxf3+ 18. gxf3 Bh3 19. Rfd1 f6 20. Kh1 Nf8 21. Rg1
Kh8 22. Rg3 Bf5 23. Nxf5 Qxf5 24. Bd3 Qe5 25. Qc1 Qe7 26. Qg1 Ne6 27. Bc2 c6 28.
Qg2 Bc7 29. Qh3 Nf8 30. f4 Rad8 31. Qh4 d5 32. c5 b6 33. Bg6 Nxg6 34. Rxg6 Qe4+
35. Rg2 Qb1+ 36. Rg1 Qe4+ 37. Rg2 Qb1+ 38. Rg1 Qe4+ 1/2-1/2

[Event "Xtracon Chess Open 2017"]
[Site "Helsingor DEN"]
[Date "2017.07.23"]
[Round "3.158"]
[White "Shehzad, Kasher"]
[Black "Bex, Lennert"]
[Result "0-1"]
[WhiteElo "1650"]
[BlackElo "1900"]
[WhiteFideId "1521934"]
[BlackFideId "232254"]
[EventDate "2017.07.22"]

1. e4 d6 2. Bc4 Nf6 3. d3 g6 4. f4 Bg7 5. Nf3 d5 6. exd5 Nxd5 7. O-O O-O 8. Qe1
Nb6 9. Bb3 Nc6 10. Nc3 a5 11. a4 Bg4 12. Ng5 h6 13. Qh4 Bf5 14. Nge4 Nd4 15. Ra3
Bxe4 16. dxe4 Nxb3 17. Rxb3 Nxa4 18. Rd1 Qe8 19. Nd5 Rd8 20. Rbd3 Kh7 21. f5 h5
22. g4 Rd6 23. gxh5 gxf5 24. exf5 Rg8 25. Kf2 Qc6 26. c3 Bf6 27. Qh3 Nc5 28.
Nxf6+ Rxf6 29. Rf3 Ne4+ 30. Ke1 Ng5 31. Bxg5 Rxg5 32. Rdd3 Qe4+ 33. Kd2 Rfxf5
34. Rxf5 Rxf5 35. Qg3 c6 36. b3 Rd5 37. Rxd5 Qxd5+ 38. Kc2 Qxh5 39. Qc7 Qe2+ 40.
Kc1 Qe1+ 41. Kc2 Qe4+ 42. Kb2 b5 43. Qxa5 f5 44. Qc7 f4 45. Qd7 f3 46. Qh3+ Kg6
47. Qg3+ Kf5 48. h4 Qe2+ 49. Ka3 Qg2 50. Qc7 f2 51. Qxe7 f1=Q 52. Qd7+ Kf4 53.
Qd6+ Kg4 54. Qg6+ Kh3 55. Qe6+ Kh2 56. Qe5+ Qg3 57. Qe4 Qa1+ 0-1

[Event "Xtracon Chess Open 2017"]
[Site "Helsingor DEN"]
[Date "2017.07.23"]
[Round "3.159"]
[White "Kashwan, Hassan"]
[Black "Matsumura, Cocoro"]
[Result "1-0"]
[WhiteElo "1892"]
[BlackElo "1621"]
[WhiteFideId "137122555"]
[BlackFideId "36087114"]
[EventDate "2017.07.22"]

1. d4 Nf6 2. Nf3 c5 3. c3 e6 4. Bg5 d5 5. e3 Nc6 6. Bd3 Be7 7. O-O cxd4 8. exd4
O-O 9. Nbd2 Nd7 10. Bf4 Bf6 11. Re1 Re8 12. Qc2 h6 13. Rad1 e5 14. dxe5 Ndxe5
15. Nxe5 Bxe5 16. Bxe5 Nxe5 17. Nf1 Bg4 18. Be2 Bxe2 19. Rxe2 Re6 20. Red2 Rd6
21. Qf5 f6 22. Rxd5 Rxd5 23. Qe6+ Kf8 24. Rxd5 Qb6 25. Qxb6 axb6 26. a3 Nc4 27.
Rb5 Re8 28. Ne3 Re6 29. Kf1 Nxe3+ 30. fxe3 Ke7 31. Ke2 Kd7 32. Rb4 Kc6 33. Rg4
g5 34. Rc4+ Kb5 35. Rb4+ Kc5 36. Kf3 f5 37. Rd4 b5 38. h3 h5 39. e4 fxe4+ 40.
Rxe4 Rf6+ 41. Ke2 Kd5 42. Rd4+ Kc6 43. Rd8 Re6+ 44. Kd3 Rg6 45. Rc8+ Kd7 46. Rc5
g4 47. Rxb5 gxh3 48. gxh3 Rg3+ 49. Kc4 Rxh3 50. Rxb7+ Kc6 51. Rh7 Rh4+ 52. Kb3
Kb5 53. Rh6 Ka5 54. a4 Rh3 55. Rg6 Rh4 56. Rg5+ Kb6 57. Ka3 Rh3 58. Rg6+ Ka7 59.
Kb4 Rh2 60. b3 Rh4+ 61. Kb5 Rh3 62. Rc6 Rg3 63. Rc7+ Kb8 64. Rc5 h4 65. b4 h3
66. Rh5 Rxc3 67. Kb6 Kc8 68. a5 Kd8 69. Rh8+ Ke7 70. a6 Rg3 71. Rh7+ Kd6 72. b5
Rg8 73. a7 h2 74. Rxh2 Rg6 75. Rd2+ Ke7+ 76. Kb7 Rg8 77. a8=Q Rxa8 78. Kxa8 Ke6
79. b6 Ke5 80. b7 Ke4 81. b8=Q Ke3 82. Qb4 Kf3 83. Qc3+ Ke4 84. Rd4+ Kf5 85.
Qc5+ 1-0

[Event "Xtracon Chess Open 2017"]
[Site "Helsingor DEN"]
[Date "2017.07.23"]
[Round "3.160"]
[White "Fuglestein, Sander"]
[Black "Nielsen, Carsten Juul"]
[Result "0-1"]
[WhiteElo "1626"]
[BlackElo "1886"]
[WhiteFideId "1536680"]
[BlackFideId "1402242"]
[EventDate "2017.07.22"]

1. e4 e5 2. Nf3 Nc6 3. Bb5 Nge7 4. O-O a6 5. Ba4 d6 6. c3 Bd7 7. d4 Ng6 8. Qe2
Be7 9. Rd1 O-O 10. Bxc6 bxc6 11. dxe5 dxe5 12. Nbd2 Bd6 13. Nc4 Qe7 14. Nxd6
cxd6 15. Qd2 Bg4 16. Qxd6 Rad8 17. Bg5 Rxd6 18. Bxe7 Rxd1+ 19. Rxd1 Nxe7 20. Rd6
Bxf3 21. gxf3 Ra8 22. Kf1 Kf8 23. Ke2 Ke8 24. Rd3 Rd8 25. Re3 Ng6 26. b4 Nf4+
27. Kf1 Rd1+ 28. Re1 Rd2 0-1

[Event "Xtracon Chess Open 2017"]
[Site "Helsingor DEN"]
[Date "2017.07.23"]
[Round "3.161"]
[White "Rasmussen, Jonas H"]
[Black "Damm-Frydenberg, Anders"]
[Result "1-0"]
[WhiteElo "1885"]
[BlackElo "1614"]
[WhiteFideId "1511637"]
[BlackFideId "1462970"]
[EventDate "2017.07.22"]

1. d4 c6 2. c4 d5 3. Nc3 Nf6 4. Nf3 Bf5 5. e3 e6 6. Be2 Nbd7 7. O-O Bd6 8. cxd5
exd5 9. Nh4 Bg6 10. Nxg6 hxg6 11. h3 Qc7 12. f4 O-O-O 13. Rb1 Nh5 14. Bxh5 Rxh5
15. b4 Rdh8 16. b5 g5 17. bxc6 bxc6 18. Bd2 gxf4 19. exf4 g5 20. Nxd5 cxd5 21.
Rc1 Qxc1 22. Qxc1+ Kb7 23. fxg5 Rf8 24. Qd1 Rh4 25. Be3 Re4 26. Qb3+ Nb6 27. a4
a5 28. Rb1 Bb4 29. Rf1 Nc4 30. Rf3 Kc6 31. h4 Rfe8 32. Bf2 Re1+ 33. Bxe1 Rxe1+
34. Kh2 Bd6+ 35. Kh3 Rh1+ 36. Kg4 Rg1 37. Qb5+ 1-0

[Event "Xtracon Chess Open 2017"]
[Site "Helsingor DEN"]
[Date "2017.07.23"]
[Round "3.162"]
[White "Hansen, Anders2"]
[Black "Undheim, Bjarne"]
[Result "0-1"]
[WhiteElo "1624"]
[BlackElo "1882"]
[WhiteFideId "1711237"]
[BlackFideId "1506862"]
[EventDate "2017.07.22"]

1. b3 e5 2. Bb2 Nc6 3. e3 d5 4. Bb5 Bd6 5. f4 Qe7 6. Nf3 f6 7. fxe5 fxe5 8. O-O
Bg4 9. Be2 Nf6 10. h3 Bd7 11. c4 dxc4 12. Bxc4 e4 13. Ng5 Ne5 14. d4 Nxc4 15.
bxc4 h6 16. Rxf6 gxf6 17. Qh5+ Kf8 18. d5 Kg7 19. Nd2 Be5 20. Bxe5 fxe5 21.
Ngxe4 Raf8 22. g4 Be8 0-1

[Event "Xtracon Chess Open 2017"]
[Site "Helsingor DEN"]
[Date "2017.07.23"]
[Round "3.164"]
[White "Sundin, Sven-Ingvar"]
[Black "Stam, Bart"]
[Result "0-1"]
[WhiteElo "1607"]
[BlackElo "1854"]
[WhiteFideId "1724517"]
[BlackFideId "1006240"]
[EventDate "2017.07.22"]

1. e4 c5 2. Nf3 d6 3. d4 cxd4 4. Nxd4 Nf6 5. Nc3 a6 6. h3 b5 7. Bd3 Bb7 8. a3 e6
9. O-O Be7 10. Nf3 Nbd7 11. Bg5 O-O 12. Qe2 Qc7 13. Rac1 Rfe8 14. Bf4 Ne5 15.
Nxe5 dxe5 16. Be3 Red8 17. f3 Bc5 18. Kh1 Bd4 19. Nd1 Nh5 20. Kh2 Nf4 21. Bxf4
exf4 22. c3 e5 23. c4 bxc4 24. Rxc4 Qd7 25. Bc2 Bc6 26. a4 Rab8 27. b3 Rb6 28.
Nf2 Bb7 29. b4 Rg6 30. Nd3 Qe7 31. Nc5 Bc8 32. Nb3 Be3 33. Rd1 Rf8 34. Bd3 Qh4
35. Rxc8 Rxc8 36. Bxa6 Rf8 37. a5 Bf2 38. Rg1 Qg3+ 39. Kh1 Rh6 40. Qf1 Rd8 41.
Be2 Rdd6 42. a6 Rdg6 43. a7 Bxa7 44. Nc5 Rd6 45. Qa1 Rxh3+ 0-1

[Event "Xtracon Chess Open 2017"]
[Site "Helsingor DEN"]
[Date "2017.07.23"]
[Round "3.165"]
[White "Stokhaug, Jon Arne"]
[Black "Maselli, David"]
[Result "1-0"]
[WhiteElo "1847"]
[BlackElo "1568"]
[WhiteFideId "1506781"]
[BlackFideId "2814159"]
[EventDate "2017.07.22"]

1. d4 g6 2. g3 Bg7 3. Bg2 Nf6 4. Nf3 O-O 5. c4 d6 6. O-O Bf5 7. Nc3 Nbd7 8. Nh4
c6 9. e4 g5 10. Nxf5 e5 11. d5 Nb6 12. dxc6 Nxc4 13. cxb7 Rb8 14. b3 Nb6 15.
Qxd6 Rxb7 16. Qxd8 Rxd8 17. Bxg5 1-0

[Event "Xtracon Chess Open 2017"]
[Site "Helsingor DEN"]
[Date "2017.07.23"]
[Round "3.166"]
[White "Palozza, Flavio"]
[Black "Satre, Roger"]
[Result "0-1"]
[WhiteElo "1573"]
[BlackElo "1832"]
[WhiteFideId "2815740"]
[BlackFideId "1510320"]
[EventDate "2017.07.22"]

1. e4 e6 2. d4 d5 3. e5 c5 4. c3 Nc6 5. Nf3 Qb6 6. Bd3 Bd7 7. Bc2 cxd4 8. cxd4
Rc8 9. a3 Qc7 10. Nc3 a6 11. O-O b5 12. b4 Nxb4 13. Bd2 Nxc2 14. Qxc2 Ne7 15.
Rfc1 Nc6 16. h3 Na5 17. Qd1 Nc4 18. a4 b4 19. Ne2 a5 20. Ng3 Qb6 21. Rab1 Nxd2
22. Rxc8+ Bxc8 23. Qxd2 Be7 24. Qf4 Qd8 25. Qg4 g6 26. Rc1 Bd7 27. h4 Bxa4 28.
Ng5 Bd7 29. Qf4 Bxg5 30. Qxg5 Qxg5 31. hxg5 Ke7 32. Ra1 a4 33. Ne2 Rc8 34. Kf1
Bb5 35. Rb1 Rc2 0-1

[Event "Xtracon Chess Open 2017"]
[Site "Helsingor DEN"]
[Date "2017.07.23"]
[Round "3.167"]
[White "Narheim, Mats"]
[Black "Rasmussen, Henrik"]
[Result "1-0"]
[WhiteElo "1519"]
[BlackElo "1822"]
[WhiteFideId "1518607"]
[BlackFideId "1437011"]
[EventDate "2017.07.22"]

1. e4 c5 2. Nc3 d6 3. f4 Nc6 4. Nf3 g6 5. Bc4 e6 6. d3 Bg7 7. Be3 Nge7 8. Qd2 d5
9. d4 dxc4 10. d5 Nd4 11. Nxd4 cxd4 12. Bxd4 Bxd4 13. Qxd4 O-O 14. O-O-O exd5
15. exd5 Nf5 16. Qf2 Nd6 17. h3 b5 18. g4 Qb6 19. Qh4 b4 20. Ne2 Qe3+ 21. Kb1
Ne4 22. Rhe1 Qb6 23. Nd4 Nc3+ 24. bxc3 bxc3+ 25. Nb3 cxb3 26. cxb3 Ba6 27. Kc2
Qa5 28. a4 Rab8 29. f5 Rxb3 30. Kxb3 Rb8+ 31. Kc2 Rb2+ 32. Kc1 Qb6 33. Re8+ 1-0

[Event "Xtracon Chess Open 2017"]
[Site "Helsingor DEN"]
[Date "2017.07.23"]
[Round "3.168"]
[White "Skjoldager, Morten"]
[Black "Naesborg, Jens-Ole"]
[Result "1/2-1/2"]
[WhiteElo "1538"]
[BlackElo "1808"]
[WhiteFideId "1434322"]
[BlackFideId "1443577"]
[EventDate "2017.07.22"]

1. e4 d5 2. exd5 Nf6 3. Nf3 Bg4 4. Be2 Qxd5 5. Nc3 Qh5 6. d3 c6 7. h3 Bxf3 8.
Bxf3 Qa5 9. O-O e6 10. Bf4 Nbd7 11. a3 e5 12. Re1 Bd6 13. Bg3 O-O 14. Ne4 Nxe4
15. dxe4 Qc7 16. Re3 Rad8 17. b4 Be7 18. Rd3 Nb6 19. Qe2 Rxd3 20. cxd3 Rd8 21.
Qc2 Qd6 22. Rd1 Qd4 23. Bg4 c5 24. b5 f6 25. Kh1 Qd6 26. Be2 Rc8 27. Rf1 g5 28.
Rd1 Qd8 29. f3 Kg7 30. Bf2 Na8 31. Rc1 b6 32. Qc4 Nc7 33. Bd1 Bd6 34. Bb3 Qe7
35. a4 Re8 36. Ra1 Kh6 37. a5 Ra8 38. axb6 axb6 39. Rxa8 Nxa8 40. Qf7 Qxf7 41.
Bxf7 Kg7 42. Bc4 Kg6 43. g4 Nc7 44. Kg1 Ne8 45. Kf1 Ng7 46. Be3 h5 47. Ke2 Ne8 1/2-1/2

[Event "Xtracon Chess Open 2017"]
[Site "Helsingor DEN"]
[Date "2017.07.23"]
[Round "3.169"]
[White "Nielsen, Kai Gylling"]
[Black "Stage, Mathias Juul"]
[Result "1-0"]
[WhiteElo "1808"]
[BlackElo "1544"]
[WhiteFideId "1406400"]
[BlackFideId "1463306"]
[EventDate "2017.07.22"]

1. e4 g6 2. Nf3 Bg7 3. d4 d6 4. Be3 Nf6 5. Nc3 O-O 6. h3 Nc6 7. Qd2 Re8 8. a3 e5
9. d5 Ne7 10. Bd3 c6 11. dxc6 bxc6 12. Bg5 Qc7 13. O-O d5 14. Rad1 d4 15. Na4
Rb8 16. Nxe5 Qxe5 17. Bf4 Nxe4 18. Bxe4 Qxe4 19. Bxb8 Bxh3 20. gxh3 Rxb8 21.
Rde1 Qh4 22. Qd3 Nd5 23. Qg3 Qxg3+ 24. fxg3 Ne3 25. Rf2 Be5 26. Rf3 Rb5 27. b4
Nxc2 28. Rc1 Ne3 29. Rxc6 a5 30. Rc5 Rxc5 31. bxc5 Nc4 32. Rd3 Kf8 33. Nb6 Nb2
34. Nd7+ Ke8 35. Nxe5 Nxd3 36. Nxd3 Kd8 37. Kf2 Kc7 38. g4 Kd7 39. Kf3 f5 40. g5
Ke6 41. Kf4 Kd5 42. a4 Ke6 43. c6 Kd6 44. Ne5 Kc7 45. Kf3 Kd6 46. Ke2 Kc7 47.
Kd3 Kc8 48. Kxd4 Kc7 49. Kd5 Kc8 50. Kd6 Kd8 51. c7+ Kc8 52. Nc6 f4 53. Ne7+ Kb7
54. c8=Q+ Ka7 55. Nc6+ Kb6 56. Qb8+ Ka6 57. Qb5# 1-0

[Event "Xtracon Chess Open 2017"]
[Site "Helsingor DEN"]
[Date "2017.07.23"]
[Round "3.170"]
[White "Erikstad, Olav"]
[Black "Joa, Sander"]
[Result "1-0"]
[WhiteElo "1781"]
[BlackElo "1480"]
[WhiteFideId "1504983"]
[BlackFideId "1523481"]
[EventDate "2017.07.22"]

1. d4 Nf6 2. c4 c5 3. Nf3 cxd4 4. Nxd4 Nc6 5. Nc3 a6 6. e4 e5 7. Nf5 Qc7 8. Qa4
g6 9. Ne3 Bb4 10. Bd2 Bxc3 11. Bxc3 Nxe4 12. Nd5 Qd8 13. Bb4 d6 14. Be2 O-O 15.
Rd1 Bd7 16. Qc2 Nxb4 17. Nxb4 Qb6 18. Qxe4 Qxb4+ 19. Rd2 Bc6 20. Qg4 f5 21. Qg5
Rae8 22. h4 Re6 23. h5 Kg7 24. hxg6 Rxg6 25. Qe7+ Rf7 26. Rxh7+ Kxh7 27. Qxf7+
Kh6 28. Qxf5 Rxg2 29. Qf8+ Kg5 30. Qg7+ Kf5 31. Qf7+ Kg5 32. Bd3 e4 33. Qg7+ Kh4
34. Qxg2 Qxd2+ 35. Kxd2 e3+ 36. Kxe3 Bxg2 37. Be4 Bf1 38. Kd4 b6 39. b3 Kg4 40.
f3+ Kf4 41. Kd5 Bh3 42. Kxd6 b5 43. c5 a5 44. c6 b4 45. c7 Bc8 46. Kc5 1-0

[Event "Xtracon Chess Open 2017"]
[Site "Helsingor DEN"]
[Date "2017.07.23"]
[Round "3.171"]
[White "Rasmussen, Henning2"]
[Black "Tjora, Alexander"]
[Result "1-0"]
[WhiteElo "1770"]
[BlackElo "1434"]
[WhiteFideId "1410962"]
[BlackFideId "1528203"]
[EventDate "2017.07.22"]

1. f4 d5 2. Nf3 Nf6 3. g3 g6 4. Bg2 Bg7 5. O-O O-O 6. d3 c5 7. Nc3 Nc6 8. e4
dxe4 9. dxe4 Qc7 10. e5 Rd8 11. Qe2 Ne8 12. Be3 Nd4 13. Qf2 Qb6 14. Na4 Qb5 15.
Nxc5 Nxf3+ 16. Bxf3 Nc7 17. b3 Rb8 18. c4 Qe8 19. Rfd1 b6 20. Rxd8 Qxd8 21. Rd1
Qe8 22. Ne4 Bf5 23. Nc3 Rd8 24. Rxd8 Qxd8 25. Qd2 Qxd2 26. Bxd2 f6 27. exf6 exf6
28. Nd5 Nxd5 29. Bxd5+ Kf8 30. Bc3 Bb1 31. a3 Ba2 32. Bb4+ Ke8 33. c5 bxc5 34.
Bxc5 Bf8 35. Bc6+ Kf7 36. Bxf8 Kxf8 37. b4 Ke7 38. Kf2 Kd6 39. Bf3 Bd5 40. Be2
Bb3 41. Ke3 Kd5 42. Bd3 Bc4 43. Be4+ Kd6 44. Kd4 Be6 45. Bc2 Kc6 46. a4 a6 47.
Be4+ Kb6 48. Bd5 Bd7 49. Bb3 Kc6 50. Bc4 Kd6 51. Bxa6 Bxa4 52. Bc4 Bd7 53. Bg8
h5 54. Bf7 g5 55. Bxh5 gxf4 56. gxf4 Bb5 57. h4 Ke6 58. Bg4+ Kf7 59. h5 Kg7 60.
Kc5 Ba4 61. b5 Bxb5 62. Kxb5 Kh6 63. Kc5 Kg7 64. Kd6 Kh6 65. Ke6 Kg7 66. Bf3 1-0

[Event "Xtracon Chess Open 2017"]
[Site "Helsingor DEN"]
[Date "2017.07.23"]
[Round "3.172"]
[White "Overmark, Ole"]
[Black "Aasen, Joakim"]
[Result "1-0"]
[WhiteElo "1767"]
[BlackElo "1386"]
[WhiteFideId "1410776"]
[BlackFideId "1539078"]
[EventDate "2017.07.22"]

1. Nf3 d5 2. d4 Nf6 3. c4 c6 4. Nc3 e6 5. Bg5 Nbd7 6. e3 Be7 7. Be2 dxc4 8. Bxc4
b5 9. Bd3 a6 10. O-O Bb7 11. Rc1 Rc8 12. Qe2 O-O 13. h3 c5 14. Rfd1 Qc7 15. Bf4
Qb6 16. Ne5 Nxe5 17. dxe5 Nd7 18. Bxh7+ Kxh7 19. Rxd7 Qc6 20. Qd3+ Kg8 21. f3
Rfd8 22. Rd1 c4 23. Qd4 Kf8 24. Kh2 Rxd7 25. Qxd7 Rd8 26. Qxc6 Bxc6 27. Rd4 Ke8
28. Bg3 Bc5 29. Rxd8+ Kxd8 30. Bh4+ Kd7 31. Bg5 a5 32. a3 b4 33. axb4 axb4 34.
Ne2 Bb5 35. Nd4 Bxd4 36. exd4 b3 37. Bd2 Ke7 38. Kg3 f6 39. Bb4+ Kf7 40. Kf4 Kg6
41. g4 Bc6 42. h4 fxe5+ 43. dxe5 Kh6 44. Bd2 g6 45. Ke3 Kg7 46. f4 Kh6 47. Kd4
Kg7 48. Kxc4 Bd5+ 49. Kd4 Bf3 50. Kc3 Bd5 51. Be3 Kh7 52. Bc5 Kg7 53. Be7 Kh6
54. Bf6 Kh7 55. Bg5 Kg7 56. h5 gxh5 57. gxh5 Kh7 58. Kd4 Bf3 59. h6 Bd5 60. f5
Kh8 61. Kc5 Kh7 62. Kd6 1-0

[Event "Xtracon Chess Open 2017"]
[Site "Helsingor DEN"]
[Date "2017.07.23"]
[Round "3.173"]
[White "Damm, Henrik"]
[Black "Pedersen, Carl Aage"]
[Result "1/2-1/2"]
[WhiteElo "1506"]
[BlackElo "1758"]
[WhiteFideId "1425013"]
[BlackFideId "1417614"]
[EventDate "2017.07.22"]

1. c4 c6 2. Nc3 d5 3. cxd5 cxd5 4. d4 e6 5. Bf4 Bd6 6. Bxd6 Qxd6 7. Nf3 Nc6 8.
e3 Nf6 9. Be2 O-O 10. O-O a6 11. a3 b5 12. b4 Bb7 13. Rc1 Rac8 14. Bd3 Rfd8 1/2-1/2

[Event "Xtracon Chess Open 2017"]
[Site "Helsingor DEN"]
[Date "2017.07.23"]
[Round "3.174"]
[White "Kreken, Eivind Grunt"]
[Black "Hojgaard, Brandur"]
[Result "1/2-1/2"]
[WhiteElo "1412"]
[BlackElo "1747"]
[WhiteFideId "1532359"]
[BlackFideId "7201478"]
[EventDate "2017.07.22"]

1. e4 c5 2. Nf3 d6 3. Bb5+ Bd7 4. Bxd7+ Qxd7 5. O-O Nc6 6. c3 Nf6 7. Re1 e5 8.
d4 Be7 9. d5 Nd8 10. Nh4 g6 11. c4 Nh5 12. Nf3 O-O 13. Nc3 f6 14. Bd2 Nf7 15.
Qa4 Qxa4 16. Nxa4 Ng5 17. Nxg5 fxg5 18. g3 Kg7 19. Kg2 h6 20. Re3 g4 21. Rd3 Rf7
22. Rf1 Nf6 23. Nc3 1/2-1/2

[Event "Xtracon Chess Open 2017"]
[Site "Helsingor DEN"]
[Date "2017.07.23"]
[Round "3.175"]
[White "Winther, Bjarke Rosenborg"]
[Black "Hestholm, Gustav"]
[Result "1-0"]
[WhiteElo "1741"]
[BlackElo "1379"]
[WhiteFideId "1447173"]
[BlackFideId "1529153"]
[EventDate "2017.07.22"]

1. e4 d5 2. exd5 Qxd5 3. Nc3 Qd6 4. d4 Nf6 5. Nf3 c6 6. Be2 Bg4 7. Be3 Nbd7 8.
Qd2 e6 9. O-O Qc7 10. Bf4 Bd6 11. Bxd6 Qxd6 12. h3 Bh5 13. Rad1 O-O 14. Qg5 Bxf3
15. Bxf3 Nd5 16. Nxd5 cxd5 17. c3 Rac8 18. Rd3 Qa6 19. Be2 Qxa2 20. Rg3 g6 21.
Bb5 Nb6 22. b4 a6 23. Bd3 Rxc3 24. Bxg6 Rxg3 25. Bxh7+ Kxh7 26. fxg3 Qc2 27. Rf6
Qc1+ 28. Qxc1 Nc4 29. Qh6+ Kg8 30. Qg5+ Kh8 31. Rh6# 1-0

[Event "Xtracon Chess Open 2017"]
[Site "Helsingor DEN"]
[Date "2017.07.23"]
[Round "3.176"]
[White "Solli, Oddvar"]
[Black "Johansen, Paul Ivar"]
[Result "1-0"]
[WhiteElo "1738"]
[BlackElo "1301"]
[WhiteFideId "1501208"]
[BlackFideId "1508024"]
[EventDate "2017.07.22"]

1. e4 c6 2. d4 d5 3. Nd2 dxe4 4. Nxe4 Bf5 5. Ng3 Bg6 6. Nf3 Nd7 7. h4 h6 8. h5
Bh7 9. Bd3 Ngf6 10. Bxh7 Nxh7 11. Qe2 e6 12. Bf4 Bb4+ 13. c3 Ba5 14. O-O-O Bc7
15. Bxc7 Qxc7 16. Kb1 O-O 17. Ne4 Nhf6 18. Nxf6+ Nxf6 19. Rh4 Rfe8 20. g4 Qf4
21. g5 Qf5+ 22. Qd3 Qxd3+ 23. Rxd3 Nh7 24. gxh6 gxh6 25. Ne5 Re7 26. Rg3+ Kh8
27. Rf4 Rf8 28. Ng4 Rg8 29. Nxh6 Rxg3 30. fxg3 f5 31. g4 Nf6 32. gxf5 exf5 33.
Nxf5 Re1+ 34. Kc2 Re2+ 35. Kb3 Rh2 36. Nd6 Nd5 37. Rf8+ Kh7 38. Rf7+ Kg8 39.
Rxb7 Rxh5 40. Rxa7 Rh6 41. Nc4 Re6 42. a4 Re8 43. a5 Rb8+ 44. Kc2 Rf8 45. Ne5
Rc8 46. c4 Ne3+ 47. Kd2 Nf5 48. Kc3 c5 49. d5 Re8 50. Ng4 Kf8 51. Rc7 Re4 52.
Nf6 Re3+ 53. Kd2 Rf3 54. Nd7+ 1-0

[Event "Xtracon Chess Open 2017"]
[Site "Helsingor DEN"]
[Date "2017.07.23"]
[Round "3.178"]
[White "Hjornevik, Oyvind"]
[Black "Sorensen, Viggo"]
[Result "0-1"]
[WhiteElo "1365"]
[BlackElo "1680"]
[WhiteFideId "1516159"]
[BlackFideId "1437410"]
[EventDate "2017.07.22"]

1. c4 e5 2. g3 Nf6 3. Bg2 d5 4. cxd5 Nxd5 5. Nc3 Nb6 6. a3 Nc6 7. e3 Be7 8. b4
a6 9. Nge2 Be6 10. d4 exd4 11. exd4 Nd5 12. Ne4 Rb8 13. Bb2 O-O 14. Nc5 Bg4 15.
f3 Ne3 16. Qb3 Nxg2+ 17. Kf2 Bh3 18. Qc3 Bf6 19. Nxb7 Rxb7 20. Qxc6 Rb6 21. Qc4
Re8 22. Bc1 Rbe6 23. Qd3 Rxe2+ 24. Qxe2 Rxe2+ 25. Kxe2 Bxd4 26. Ra2 h6 27. Rd2
Qe8+ 28. Kd1 Ne3+ 29. Ke1 Bc3 0-1